DCLG statistical release (Record no. 105407)
[ view plain ]
| 000 -LEADER | |
|---|---|
| fixed length control field | 01250cam a2200205 4500 |
| 001 - CONTROL NUMBER | |
| control field | ##L133494 |
| 008 - FIXED-LENGTH DATA ELEMENTS--GENERAL INFORMATION | |
| fixed length control field | 110801s2006 000 0 eng u |
| 035 ## - SYSTEM CONTROL NUMBER | |
| System control number | (Sirsi) u133494 |
| 041 0# - LANGUAGE CODE | |
| Language code of text/sound track or separate title | eng |
| 050 04 - LIBRARY OF CONGRESS CALL NUMBER | |
| Classification number | 333.33 $2 18 |
| 110 1# - MAIN ENTRY--CORPORATE NAME | |
| Corporate name or jurisdiction name as entry element | United Kingdom |
| Subordinate unit | Department for Communities and Local Government |
| 9 (RLIN) | 4939 |
| 245 00 - TITLE STATEMENT | |
| Title | DCLG statistical release |
| Remainder of title | house price index February 2006 |
| 260 ## - PUBLICATION, DISTRIBUTION, ETC. | |
| Place of publication, distribution, etc. | London |
| Name of publisher, distributor, etc. | DCLG |
| Date of publication, distribution, etc. | 2006 |
| 490 #0 - SERIES STATEMENT | |
| Series statement | DCLG Statistical Release: House Price Index |
| Volume/sequential designation | (2006/0083) 10 April 2006 |
| 520 ## - SUMMARY, ETC. | |
| Summary, etc. | The mixed-adjusted average house price in the UK in February 2006 stood at £183 224, down from £185 404 in January 2006 (not seasonally adjusted). UK annual house price inflation in February 2006 was 3.6%, down from 4.3% in January 2006. Annual house price inflation in London was 1.9% in February 2006, down from 5.3% in January 2006. The UK annual price inflation rate for the three months to February 2006 was 3.6% , the same rate as in London. |
| 650 24 - SUBJECT ADDED ENTRY--TOPICAL TERM | |
| Topical term or geographic name entry element | DCLG HOUSE PRICE INDEX |
| 690 ## - LOCAL SUBJECT ADDED ENTRY--TOPICAL TERM (OCLC, RLIN) | |
| Topical term or geographic name as entry element | PROPERTY-RESIDENTIAL PROPERTY-RESIDENTIAL PROPERTY MARKET |
| 856 40 - ELECTRONIC LOCATION AND ACCESS | |
| Uniform Resource Identifier | <a href="https://www.communities.gov.uk/documents/statistics/pdf/1079400.pdf">https://www.communities.gov.uk/documents/statistics/pdf/1079400.pdf</a> |
| Public note | View the DCLG house price index free of charge at www.communities.gov.uk |
| 942 ## - ADDED ENTRY ELEMENTS (KOHA) | |
| Suppress in OPAC | 0 |
| Withdrawn status | Lost status | Source of classification or shelving scheme | Damaged status | Not for loan | Home library | Current library | Shelving location | Date acquired | Total Checkouts | Full call number | Barcode | Date last seen | Copy number | Price effective from | Koha item type |
|---|---|---|---|---|---|---|---|---|---|---|---|---|---|---|---|
| Dewey Decimal Classification | Virtual | Virtual | Online | 12/05/2006 | ONLINE PUBLICATION | 133494-2001 | 06/08/2019 | 1 | 06/08/2019 | Journal article |